Statistics for Countries Benjamin Netanyahu has Visited

Click here to take the quiz!

General Stats

  • This quiz has been taken 53 times
    (14 since last reset)
  • The average score is 32 of 40

Answer Stats

Continent Country % Correct
South AmericaArgentina
100%
AsiaJapan
100%
North AmericaUnited States of America
100%
EuropeBelgium
100%
South AmericaBrazil
100%
EuropeUnited Kingdom
100%
North AmericaCanada
100%
AsiaSouth Korea
100%
Asia/ EuropeRussia
100%
EuropePoland
100%
Europethe Netherlands
100%
North AmericaMexico
100%
EuropeFrance
100%
EuropeGermany
100%
EuropeSwitzerland
91%
OceaniaAustralia
91%
AsiaJordan
91%
AsiaIndia
91%
EuropeBulgaria
91%
South AmericaColombia
91%
EuropeItaly
82%
EuropeHungary
82%
EuropeGreece
82%
EuropeUkraine
82%
AsiaChina
82%
EuropeCyprus
73%
EuropeVatican City
73%
EuropeCzech Republic
73%
AfricaRwanda
64%
AfricaChad
64%
AfricaKenya
64%
AsiaAzerbaijan
64%
South AmericaParaguay
64%
AfricaEthiopia
55%
EuropeLithuania
55%
AsiaSingapore
55%
AfricaLiberia
55%
AfricaUganda
45%
AsiaKazakhstan
45%
AsiaOman
36%

Score Distribution

Percentile by Number Answered

Percent of People with Each Score

Your Score History

You have not taken this quiz since the last reset